Introduction to the theory of entire functions of several variables /
Guardado en:
| Autor Principal: | |
|---|---|
| Formato: | Libro |
| Idioma: | English Russian |
| Publicado: |
Providence, R.I. :
American Mathematical Society,
1974.
|
| Series: | Translations of mathematical monographs ;
v. 44 |
| Materias: | |
| Etiquetas: |
Agregar Etiqueta
Sin Etiquetas, Sea el primero en etiquetar este registro!
|
| LEADER | 01115cam a2200277 4500 | ||
|---|---|---|---|
| 001 | MAT.inmabb006933 | ||
| 008 | 740620s1974####riu######b####001#0#eng## | ||
| 005 | 20160804133340.0 | ||
| 245 | 1 | 0 | |a Introduction to the theory of entire functions of several variables / |c by L. I. Ronkin ; [translated from the Russian by Israel Program for Scientific Translations]. |
| 260 | |a Providence, R.I. : |b American Mathematical Society, |c 1974. | ||
| 300 | |a vi, 273 p. ; |c 24 cm. | ||
| 440 | 0 | |a Translations of mathematical monographs ; |v v. 44 | |
| 500 | |a Traducción de: Vvedenie v teoriiu tselykh funktsii mnogikh peremennykh. | ||
| 504 | |a Bibliografía: p. 264-270. | ||
| 510 | 4 | |a MR, |c 49 #10901 | |
| 020 | |a 0821815946 | ||
| 100 | 1 | |a Ronkin, L. I. |q (Lev Isaakovich) | |
| 240 | 1 | 0 | |a Vvedenie v teoriiu tselykh funktsii mnogikh peremennykh. |l Inglés |
| 650 | 0 | |a Functions, Entire. | |
| 650 | 0 | |a Functions of several complex variables. | |
| 650 | 0 | |a Harmonic functions. | |
| 084 | |a 32-02 (32A15) |2 msc2000 | ||
| 010 | |a 74012068 | ||
| 040 | |a DLC |c DLC |d DLC | ||
| 041 | 1 | |a eng |h rus | |
| 859 | |h 32 |i R773 |p A-5648 |b BIB. MATEMATICA | ||
